| 000 | 00808nam a2200217 a 4500 | ||
|---|---|---|---|
| 001 | 000016224 | ||
| 003 | OSt | ||
| 005 | 20210201104218.0 | ||
| 008 | 100301s1944 dr 000 0 spa d | ||
| 040 |
_aDO-SdBNP _bspa _cBNPHU |
||
| 049 | _aBNPD | ||
| 082 | 4 |
_a344.7293021 _bM296c |
|
| 100 | 1 |
_aMañon Gottons, Jacinto R. _936275 |
|
| 245 | 1 | 0 |
_aConsideraciones acerca de los accidentes del trabajo en la República Dominicana. / _cJacinto R. Mañon Gottons. |
| 260 |
_aCiudad Trujillo, República Dominicana : _bLa Nación, _c1944. |
||
| 300 |
_a60 p. ; _c20 cm. |
||
| 500 | _aTrabajo presentado al Congreso Médico Dominicano del Centenario | ||
| 650 |
_a Seguros contra accidentes de trabajo _xLegislación _zRepública Dominicana _976715 |
||
| 910 | _aValidado. Control de calidad MFF | ||
| 942 |
_2ddc _cLF1 |
||
| 999 |
_c15762 _d15762 |
||